| 000 | 00643nam a22001457a 4500 | ||
|---|---|---|---|
| 020 | _a978-0-141-32239-1 | ||
| 082 |
_a823 _bSTO/K |
||
| 100 | _aSTRONG, JEROMY | ||
| 245 | _aKRAZY. KOW SAVES THE WORLD - WELL ALMOST | ||
| 260 |
_aLONDON _bPUFFIN BOOKS _c2002 |
||
| 300 | _a174 | ||
| 520 | _aSummary. Krazy Kow is Jamie Fink's idea – a cow superhero with some amazing udder attachments. He's trying to make a film starring the Kow as she battles against the Dark Contaminator. But first he has to cope with a few little problems, like exploding strawberries, rampaging toddlers and hostile football fans. | ||
| 650 | _aSHORT STORU | ||
| 942 | _cBK | ||
| 999 |
_c6485 _d6485 |
||